01862nam a2200253 a 450000100100000000500170001000800410002704000250006808200210009310000430011424502630015725000110042026000790043130000200051049000610053050001010059183000680069295202010076095201310096195201310109295201810122395201870140499900170159100002943920200930055542.0110415s1942 dr r 000 0 spa d aDO-SdBNPbspacBNPHU axxxxbO77d, 19421 aOrtega Frier, Julio,d1888-195395631510aDiscurso del licenciado Julio Ortega Frier, rector de la Universidad de Santo Domingo, pronunciado en el acto académico celebrado el 28 de octubre de 1938 con motivo del cuarto centenario de la erección de la Universidad. 1538-1938 /cJulio Ortega Frier. a2a ed. aCiudad Trujillo, República Dominicana :bImprenta "La Opinión",c1942. a28 p. ;c24 cm.1 aPublicaciones Universidad Autónoma de Santo Domingov3 a"De los Anales de la Universidad de Santo Domingo, vol. III, fasc. I, de 1939, páginas 16/40." 0aPublicaciones Universidad Autónoma de Santo Domingon3956316 001054708RVaGRbGRcCTd2011-05-03iLF1l0oxxxx O77d, 1942p29439-30r2020-06-25te. 3w2020-06-25y4zPerteneció a la biblioteca personal de Carlos Larrazábal Blanco.ZPréstamo en sala 001054708RVaGRbGRcCTd2011-05-03iLF1l0oxxxx O77d, 1942p29439-40r2020-06-25te. 4w2020-06-25y4ZPréstamo en sala 001154708RVaGRbGRcMId2011-05-03iLF1l0oxxxx O77d, 1942p29439-50r2020-06-25te. 5w2020-06-25y4ZPréstamo en sala 001050718RVaPDbPDcHDd2011-04-15iLF1l0oxxxx O77d, 1942p29439-10r2020-06-25w2020-06-25y1zPerteneció a la biblioteca personal de Julio Ortega Frier.ZNo se presta 001050718RVaPDbPDcHDd2011-05-03iLF1l0oxxxx O77d, 1942p29439-20r2020-06-25te. 2w2020-06-25y1zPerteneció a la biblioteca personal de Julio Ortega Frier.ZNo se presta c28931d28931